00780cam a2200241 a 4500999001500000001000600015003000900021005001700030008004000047020001500087040002800102082001600130100001800146245005300164250003100217260004600248300002400294504002700318650003300345650003400378942001200412952011400424 c3940d394019366BD-DhUAP20210131131225.0200315s1998 ilub b 000 0 eng  a8185617740 aDLCcDLCbEngdBD-DhUAP 223a423 ROO aRoom, Adrian.00aNTC's dictionary of word origins /cAdrian Room. aFirst South Asian edition. aIllinois :bNTC Publishing Group,cc1998. a193 pages ;c20 cm. aIncludes bibliography. aEnglish languagevEtymology. aEnglish languagevDictionary. 2ddccBK 00102ddc4070aUAPCLbUAPCLcGeneral Stacksd2020-03-15o423 ROOp3010019366r2020-03-15t1w2020-03-15yBK